Minecraft Mobs: Enderman Holdable Blocks - Statistics

General Stats
  • This quiz has been taken 10 times
  • The average score is 13 of 44
Answer Stats
Block % Correct
Dirt
100%
Grass Block
86%
Gravel
86%
Sand
86%
TNT
71%
Dandelion
43%
Pumpkin
43%
Red Sand
43%
Warped Fungus
43%
Allium
29%
Blue Orchid
29%
Cactus
29%
Clay
29%
Coarse Dirt
29%
Crimson Fungus
29%
Crimson Nylium
29%
Lily of the Valley
29%
Melon
29%
Orange Tulip
29%
Oxeye Daisy
29%
Pink Tulip
29%
Poppy
29%
Red Tulip
29%
Warped Nylium
29%
White Tulip
29%
Wither Rose
29%
Azure Bluet
14%
Brown Mushroom
14%
Cactus Flower
14%
Carved Pumpkin
14%
Closed Eyeblossom
14%
Cornflower
14%
Crimson Roots
14%
Moss Block
14%
Mud
14%
Muddy Mangrove Roots
14%
Mycelium
14%
Open Eyeblossom
14%
Pale Moss Block
14%
Podzol
14%
Red Mushroom
14%
Rooted Dirt
14%
Torchflower
14%
Warped Roots
14%
No matching quizzes found
Score Distribution
Percent of People with Each Score
Percentile by Number Answered
Your Score History
You have not taken this quiz